000 00484nam a2200169 i 4500
001 150324
003 ES-MaACL
005 20230906203448.0
007 t|
008 071029s1970 sp ||||1| spa d
100 1 _aVallès, Jules.
_9112879
245 1 3 _aEl insurrecto /
_cJ. Vallès ; presentación de Manuel Serrat.
260 _aBarcelona :
_bMateu,
_c[1970]
300 _a342 p. ;
_c19 cm.
700 1 _aSerrat Crespo, Manuel.
_9105816
852 _aES-MaACL
_jC-40054
_bR.74594
999 _c150324
_d150324